Who said these Dreamcatcher iconic quotes #2 - Statistics

General Stats
  • This quiz has been taken 65 times
  • The average score is 10 of 10
Answer Stats
Quote Member % Correct
Yes baby yes Siyeon
100%
How can you sing like water? Yoohyeon
100%
I need to pee so badly, what do I do?~ Ah…Peed my pants Gahyun
98%
You tend to look alike when you're in love JiU
98%
What's poppin', homies?~ Yoohyeon
98%
"Sua and Siyeon, the relationship, what will come out?" Gahyun. Dami
97%
Please photoshop me in her nostrils! Make sure I'm upside down like this, like crawling out SuA
97%
Well, you're the burp princess now SuA
97%
My favorite dinosaur is King Kong Handong
95%
AMSR… Huh? ARSM? SS…? Huh ? What is it ? SSMR… It's not… ASMR ! Sorry… Siyeon
95%
No matching quizzes found
Score Distribution
Percent of People with Each Score
Percentile by Number Answered
Your Score History
You have not taken this quiz